| 000 | 007900000a22002290004500 | ||
|---|---|---|---|
| 003 | LK-CoMWRAF | ||
| 005 | 20231030112706.0 | ||
| 008 | 230817t1999 ||||| |||| 00| 0 eng d | ||
| 020 | _a0140279024 | ||
| 040 |
_aLK-CoMWRAF _dLK-CoMWRAF _eLK-CoMWRAF |
||
| 041 | _aeng | ||
| 082 |
_a305.4 _bROW |
||
| 100 | _aRowbotham, Sheila | ||
| 245 |
_aA Century of Women: _bThe History of Women in Britain and the United States |
||
| 260 |
_aLondon: _bPenguin, _c1999 |
||
| 300 |
_axiv, 764p. : ill., facsims., ports. ; 22cm. _bBibliography and index included |
||
| 650 | _aWOMEN-Great Britain--History--20th century. | ||
| 650 | _aWOMEN-United States--History--20th century | ||
| 650 | _aWomen--Great Britain--Social conditions | ||
| 650 | _aWomen--United States--Social conditions. | ||
| 942 | _cBK | ||
| 999 |
_c699 _d699 |
||